Wireless and mobile communication (Record no. 12477)

000 -LEADER
fixed length control field 00450nam a22001577a 4500
020 ## - INTERNATIONAL STANDARD BOOK NUMBER
International Standard Book Number 9788120336070
082 ## - DEWEY DECIMAL CLASSIFICATION NUMBER
Classification number 621.3845 PAL
100 ## - MAIN ENTRY--PERSONAL NAME
Personal name Palanivelu, T.G.
245 ## - TITLE STATEMENT
Title Wireless and mobile communication
260 ## - PUBLICATION, DISTRIBUTION, ETC.
Place of publication, distribution, etc. New Delhi, India
Name of publisher, distributor, etc. PHI Learning
Date of publication, distribution, etc. 2009
300 ## - PHYSICAL DESCRIPTION
Extent xii, 276 p.
Other physical details ill. ;
500 ## - GENERAL NOTE
General note Includes index.
650 ## - SUBJECT ADDED ENTRY--TOPICAL TERM
Topical term or geographic name entry element 1. Mobile communication systems. 2. Wireless communication systems.
700 ## - ADDED ENTRY--PERSONAL NAME
Personal name Nakkeeran, R.
942 ## - ADDED ENTRY ELEMENTS (KOHA)
Koha item type Book
Holdings
Withdrawn status Lost status Damaged status Not for loan Collection code Permanent Location Current Location Shelving location Date acquired Source of acquisition Cost, normal purchase price Total Checkouts Full call number Barcode Date last seen Price effective from Koha item type
          Central Library (CL) Central Library (CL) General Stacks 12/27/2013 Multi-Line Books 392.40   621.3845 PAL SEECS012908 09/25/2023 01/04/2014 Book
© 2023 Central Library, National University of Sciences and Technology. All Rights Reserved.